00997cam a2200301 i 45000010008000000030009000080050017000170070008000340080028000420150006000700170009000760200015000850350006001000400025001060800006001310820027001371000021001642450208001852600031003933000019004244900014004435000043004575340072005006500028005726500029006006500026006297000040006550000660DO-SdBNP20231020135034.00000660100514s2003 mx 000 f spa  a  a b  a9681912306 a  aBPMSUbspacBPMSUe  a  4a158.24bC284n 20032221 aCarlson, Richard10aNo te ahogues en un vaso de agua:b la familia en armonía, evita que la rutina controle tu vida y atesora el cariño de tus seres queridos /cRichard Carlson ; traducción Martín Mohedano Caballero aMéxico :bAlamah,c2003. a225 p.;c19 cm0 aAutoayuda aIncluye datos biográficos del autor. aTítulo original :tDon´t sweat the small stuff with your family  4aSatisfacción familiar 4aCalidad de vida familiar 4aRelaciones familiares1 aMohedano Caballero, Martínetrad.